Finlàndia : el govern local a Finlàndia / Siv Sandberg el govern local a Finlàndia / Siv Sandberg
ISBN:
84-9803-090-0
Publicado:
[Barcelona] :
ICPS, Institut de Ciències Polítiques i Socials : Diputació de Barcelona. Xarxa de Municipis ,
2005
Descripción Física:
58 p. : taules ; 24 cm
Colección:
Món local ; 16
MARC
| LEADER | 00000nam a2200000Ia 4500 | ||
|---|---|---|---|
| 001 | 17648 | ||
| 008 | 160829s2005 xx 000 0 cat d | ||
| 020 | |a 84-9803-090-0 | ||
| 080 | |a M-5-207 | ||
| 100 | |a Sandberg, Siv |9 1862 | ||
| 245 | |a Finlàndia : |b el govern local a Finlàndia / Siv Sandberg | ||
| 260 | |a [Barcelona] : |b ICPS, Institut de Ciències Polítiques i Socials : |b Diputació de Barcelona. Xarxa de Municipis, |c 2005 | ||
| 300 | |a 58 p. : |b taules ; |c 24 cm | ||
| 490 | |a Món local ; 16 | ||
| 590 | |a Bibliografia. | ||
| 590 | |a A la coberta: Gabinet d'Estudis de la Presidència. Centre per a la Innovació Local | ||
| 650 | |a Finlàndia |x Política i govern |x S. XX |9 31033 | ||
| 650 | |a Descentralització administrativa |x Finlàndia |9 31034 | ||
| 710 | 1 | |a Barcelona (Catalunya : Província). |b Diputació |9 52408 | |
| 710 | 2 | |a Institut de Ciències Polítiques i Socials (Barcelona, Catalunya) |9 55871 | |
| 901 | |a Arxiu | ||
| 942 | |n 1 | ||
| 952 | |0 0 |1 0 |4 0 |6 M5207 |7 1 |9 45596 |a Arxiu |b Arxiu |d 2016-12-01 |l 0 |o M-5-207 |p 17648 |r 2016-12-01 00:00:00 |w 2016-12-01 |y ARXIU | ||
| 999 | |c 48783 |d 48783 | ||